Bor - jego sojedinenija i splavy.

Uložené v:
Podrobná bibliografia
Hlavný autor: Samsonov, G. V.
Médium: Kniha
Jazyk:Slovak
Vydané: 1960.
Tagy: Pridať tag
Žiadne tagy, Buďte prvý kto otaguje tento záznam!

MARC

LEADER 00000nam a22000004a 4500
001 000513621
005 20160722095446.0
008 160722s1960 xo e 000 0 slo d
040 |a SVKKK  |b slo  |c SVKKK  |e AACR2 
100 1 |a Samsonov, G. V. 
245 1 0 |a Bor - jego sojedinenija i splavy. 
260 |c 1960. 
500 |a Záznam revízie 
910 |a svkkk 
998 |a BK 
090 |g SCKHL  |k Sklad Pribinova 2. posch.  |a X0.731  |j 02226  |i 513621-10  |4 Zastaraná  |s Vyradená